William's Text Book of Endocrinology: VOL-1 (Record no. 8394)
[ view plain ]
| 000 -LEADER | |
|---|---|
| fixed length control field | 00481nam a2200193Ia 4500 |
| 020 ## - INTERNATIONAL STANDARD BOOK NUMBER | |
| International Standard Book Number | 9780323297387 |
| 082 ## - DEWEY DECIMAL CLASSIFICATION NUMBER | |
| Classification number | 616.4 |
| Author Mark | WIL |
| 100 ## - MAIN ENTRY--PERSONAL NAME | |
| Author Name | Melmed, Shlomo |
| 100 ## - MAIN ENTRY--PERSONAL NAME | |
| Author Name | Knethe S. Polonsky |
| 100 ## - MAIN ENTRY--PERSONAL NAME | |
| Author Name | P.Reed Larsen |
| 100 ## - MAIN ENTRY--PERSONAL NAME | |
| Author Name | Henry M. Kronenberg |
| 245 #0 - TITLE STATEMENT | |
| Title | William's Text Book of Endocrinology: VOL-1 |
| 250 ## - EDITION STATEMENT | |
| Edition statement | 13th |
| 260 ## - PUBLICATION, DISTRIBUTION, ETC. | |
| Name of publisher, distributor, etc. | Elsevier |
| Date of publication, distribution, etc. | 2016 |
| 300 ## - PHYSICAL DESCRIPTION | |
| No of Pages | xvi;963p, |
| illustrations | ill; |
| Dimensions | 27cm. |
| 490 ## - Volume Statement | |
| Volume | VOl-1 |
| 650 ## - SUBJECT ADDED ENTRY--TOPICAL TERM | |
| Subject | Endocrinology |
| Keywords | imdc |
| 942 ## - ADDED ENTRY ELEMENTS (KOHA) | |
| Koha item type | Books |
| Source of classification or shelving scheme | |
| Item status | Home library | Current library | Shelving location | Date acquired | Total Checkouts | Full call number | Barcode | Date last seen | Koha item type |
|---|---|---|---|---|---|---|---|---|---|
| Islamabad Medical and Dental College | Islamabad Medical and Dental College | Islamabad Medical and Dental College | 16/03/2018 | 616.4 WIL | 10179 | 16/03/2018 | Books | ||
| Islamabad Medical and Dental College | Islamabad Medical and Dental College | Islamabad Medical and Dental College | 16/03/2018 | 616.4 WIL | 10180 | 16/03/2018 | Books |
